| 000 | 00709nam a22001577a 4500 | ||
|---|---|---|---|
| 003 | OSt | ||
| 005 | 20150905114210.0 | ||
| 008 | 150905b xxu||||| |||| 00| 0 eng d | ||
| 040 | _cRUA | ||
| 082 | _aAGR ប៉ែន1989 B001 Or.1 | ||
| 100 |
_920 _aប៉ែន វុធ |
||
| 245 | _aសមាសភាពនៃប្រភេទសត្វចង្រៃនិងជំងឺផ្សេងៗលើដំណាំកប្បាស ការបំផ្លាញរបស់វានិងវិធានការកំចាត់នៅស្ថានីយ៍ពិសោធន៍ទួលក្រសាំង | ||
| 260 |
_aPhnom Penh _bRUA _c1989 |
||
| 300 |
_a151p. _bill. _c29cm. |
||
| 942 |
_2ddc _cAGR |
||
| 999 |
_c19 _d19 |
||